| 000 | 00983cam a2200325 i 4500 | ||
|---|---|---|---|
| 001 | 3469665 | ||
| 003 | EG-ScBUE | ||
| 005 | 20241208101741.0 | ||
| 008 | 930630t1993 gw a f b 001 0 eng d | ||
| 020 | _a9783540569404 | ||
| 020 | _a3540569405 | ||
| 020 | _a0387569405 | ||
| 040 |
_aDLC _beng _cDLC _dDLC _dEG-ScBUE |
||
| 082 | 0 | 4 |
_a519.55 _bLÜT _222 |
| 100 | 1 |
_aLütkepohl, Helmut, _eauthor. _938526 |
|
| 245 | 1 | 0 |
_aIntroduction to multiple time series analysis / _cHelmut Lütkepohl. |
| 250 | _aSecond edition. | ||
| 264 | 1 |
_aBerlin : _bSpringer-Verlag, _c[1993] |
|
| 264 | 4 | _cc1993 | |
| 300 |
_axxi, 545 pages : _billustrations ; _c25 cm |
||
| 336 |
_2rdacontent _atext _btxt |
||
| 337 |
_aunmediated _2rdamedia _bn |
||
| 338 |
_avolume _bnc _2rdacarrier |
||
| 504 | _aIncludes bibliographical references and index. | ||
| 650 | 7 |
_aTime-series analysis. _2BUEsh |
|
| 651 | _2BUEsh | ||
| 653 |
_bBUSECO _cOctober2015 |
||
| 655 |
_vReading book _934232 |
||
| 942 |
_2ddc _cBB |
||
| 999 |
_c20940 _d20912 |
||